000 00400nam a2200157Ia 4500
003 GCL
008 140319s9999 xx 000 0 ara d
040 _aGCL /
_cGCL
082 0 4 _a726.1
_bص ق
245 1 0 _aالقباب فى العمارة الاسلامية
490 _a
650 0 4 _aالعمارة الاسلامية
650 0 4 _aالمساجد
650 0 4 _aالقباب
942 _2ddc
_cBK
999 _c38040
_d38040